Making International Institutions work (Record no. 1308828)

MARC details
000 -LEADER
fixed length control field 00596nam a2200229Ia 4500
005 - DATE AND TIME OF LATEST TRANSACTION
control field 20250409162904.0
008 - FIXED-LENGTH DATA ELEMENTS--GENERAL INFORMATION
fixed length control field 008 250409s9999 xx 000 0 eng d
020 ## - INTERNATIONAL STANDARD BOOK NUMBER
International Standard Book Number 9781009216241
037 ## - SOURCE OF ACQUISITION
Stock number Textbook
040 ## - CATALOGING SOURCE
Original cataloging agency LCT
Language of cataloging eng
Transcribing agency LCT
041 ## - LANGUAGE CODE
Language code of text/sound track or separate title eng
Source of code eng
084 ## - COLON CLASSIFICATION NUMBER
Assigning agency LCT
100 ## - MAIN ENTRY--PERSONAL NAME
Personal name Lall, Ranjit
9 (RLIN) 751555
245 #0 - TITLE STATEMENT
Title Making International Institutions work
Statement of responsibility, etc. by Ranjit Lall
250 ## - EDITION STATEMENT
Edition statement 1st ed.
260 ## - PUBLICATION, DISTRIBUTION, ETC.
Place of publication, distribution, etc. United Kingdom
Name of publisher, distributor, etc. Cambridge University Press
Date of publication, distribution, etc. 2024
300 ## - PHYSICAL DESCRIPTION
Extent xiv , 378p.
365 ## - TRADE PRICE
Price type code INR
650 ## - SUBJECT ADDED ENTRY--TOPICAL TERM
Topical term or geographic name entry element Law
942 ## - ADDED ENTRY ELEMENTS (KOHA)
Koha item type Textbook

No items available.

Copyright @ Delhi University Library System